| 000 | 01022nac a22002411u 4500 | ||
|---|---|---|---|
| 010 | _a 2005010383 | ||
| 020 | _a0131932918 | ||
| 020 | _a0132018128 | ||
| 082 | 0 | 0 |
_a320R731 _bR731 |
| 090 |
_c3455 _d3455 |
||
| 100 | _a20080729 | ||
| 245 | 0 | 0 |
_aPolitical science : an introduction _ban introduction / _cMichael G. Roskin ... [et al.]. |
| 250 | _a9th ed. | ||
| 260 |
_aUpper Saddle River, N.J. : _bPearson Prentice Hall,2006 _cc2006. |
||
| 300 |
_axxv, 422 p. : _bill. (some col.), maps ; _c25 cm. |
||
| 504 | _aIncludes bibliographical references and index. | ||
| 650 | 0 | _aPolitical science. | |
| 700 | 1 |
_aRoskin, Michael, _d1939- |
|
| 856 | 4 | 1 |
_3Table of contents _uhttp://www.loc.gov/catdir/toc/ecip0511/2005010383.html |
| 942 |
_cTB _k320R731 |
||
| 999 |
_c3455 _d3455 |
||